Trastornos bipolares. (Registro nro. 2827)

Detalles MARC
000 -LEADER
fixed length control field 02286nam a2200481 a 4500
005 - FECHA ULTIMA MODIFICACION
control field 20240704131421.0
008 - CAMPO DE CONTROL (LIBRO)
fixed length control field 100311t2006||||sp f |||| 001 0 spa d
020 ## - INTERNATIONAL STANDARD BOOK NUMBER
ISBN 9500604485
041 ## - CODIGO DE IDIOMA
Código de idioma del texto/pista de sonido o título separado spa
092 ## - SIGNATURA TOPOGRAFICA DEWEY LOCAL
número de clasificación 616.89
libristica 84
sección TRA
245 ## - TITULO PROPIAMENTE DICHO
Título Trastornos bipolares.
Subtítulo y Título paralelo Conceptos clínicos, neurobiológicos y terapéuticos /
Mención de responsabilidad y remanente de la transcripción de la portada Hagop S. Akiskal.
250 ## - MENCION DE EDICION
Mención de edición 1a ed.
260 ## - PIE DE IMPRENTA
Lugar de publicación, distribución, etc Buenos Aires:
Nombre de la editorial, distribuidor, etc Editorial Médica Panamericana;
Fecha de publicación 2006.
300 ## - DESCRIPCION FISICA
Extension 356 p.
Dimensiones 25x18 cm.
500 ## - NOTA GENERAL
Nota general Akiskal, H. S. et al. (2006). Trastornos bipolares. Conceptos clínicos, neurobiológicos y terapéuticos. Buenos Aires : Editorial Médica panamericana.
590 ## - NOTAS LOCALES (RLIN)
Nota local Donación Noviembre 2018
653 #3 - TÉRMINO INDIZADO - PALABRAS CLAVES
Palabra clave La nueva era bipolar
653 ## - TÉRMINO INDIZADO - PALABRAS CLAVES
Palabra clave Trastorno bipolar: desarrollo histórico y conceptual
653 ## - TÉRMINO INDIZADO - PALABRAS CLAVES
Palabra clave Psicoeducación en los trastornos bipolares: un tratamiento consolidado y eficaz
653 ## - TÉRMINO INDIZADO - PALABRAS CLAVES
Palabra clave Costos e impacto sanitario de los trastornos bipolares
653 ## - TÉRMINO INDIZADO - PALABRAS CLAVES
Palabra clave Euforias y estados mixtos
653 ## - TÉRMINO INDIZADO - PALABRAS CLAVES
Palabra clave Depresión bipolar
653 ## - TÉRMINO INDIZADO - PALABRAS CLAVES
Palabra clave Comportamientos suicidas y trastornos bipolares. Manejo terapéutico y preventivo
653 4# - TÉRMINO INDIZADO - PALABRAS CLAVES
Palabra clave Los temperamentos afectivos en el trastorno bipolar
653 ## - TÉRMINO INDIZADO - PALABRAS CLAVES
Palabra clave Psicopatología de las psicosis cicloides
653 ## - TÉRMINO INDIZADO - PALABRAS CLAVES
Palabra clave Aspectos neurobiologicos de las psicosis cicloides
653 ## - TÉRMINO INDIZADO - PALABRAS CLAVES
Palabra clave Trastorno bipolar infanto juvenil
653 ## - TÉRMINO INDIZADO - PALABRAS CLAVES
Palabra clave Mecanismos de acción sinápticos, citoplasmáticos y neutróficos de los estabilizadores del ánimo
653 ## - TÉRMINO INDIZADO - PALABRAS CLAVES
Palabra clave Genética del trastorno bipolar
653 ## - TÉRMINO INDIZADO - PALABRAS CLAVES
Palabra clave Neurobiología celular y molecular del trastorno bipolar
653 4# - TÉRMINO INDIZADO - PALABRAS CLAVES
Palabra clave Las sales de litio en el tratamiento del trastorno bipolar
653 ## - TÉRMINO INDIZADO - PALABRAS CLAVES
Palabra clave Bases farmacológicas del tratamiento del trastorno bipolar
653 ## - TÉRMINO INDIZADO - PALABRAS CLAVES
Palabra clave Interacciones de los estabilizadores del ánimo
653 ## - TÉRMINO INDIZADO - PALABRAS CLAVES
Palabra clave Abordaje psicoterapéutico del trastorno bipolar: una nueva era de tratamientos específicos basados en la evidencia
653 ## - TÉRMINO INDIZADO - PALABRAS CLAVES
Palabra clave Grupos de usuarios en la Argentina
700 1# - ENTRADAS SECUNDARIAS - NOMBRE PERSONAL
Nombre personal Akiskal, Hagop S.
9 (RLIN) 3981
700 1# - ENTRADAS SECUNDARIAS - NOMBRE PERSONAL
Nombre personal Cetkovich-Bakmas, Marcelo G.
9 (RLIN) 3982
700 1# - ENTRADAS SECUNDARIAS - NOMBRE PERSONAL
Nombre personal Garcia-Bonetti, Gerardo
9 (RLIN) 3983
700 1# - ENTRADAS SECUNDARIAS - NOMBRE PERSONAL
Nombre personal Strejilevich, Sergio A.
9 (RLIN) 3984
700 1# - ENTRADAS SECUNDARIAS - NOMBRE PERSONAL
Nombre personal Vázquez, Gustavo H.
9 (RLIN) 3985
700 1# - ENTRADAS SECUNDARIAS - NOMBRE PERSONAL
Nombre personal Garbini, Marcelo
9 (RLIN) 3986
942 ## - ADDED ENTRY ELEMENTS (KOHA)
Source of classification or shelving scheme Dewey Decimal Classification
Item type Libros
Existencias
Estado de retiro Existencia Fuente de clasificación Estado general No para prestamo Ubicación permanente ubicación actual Sala de ubicación Fecha de adquisición Fuente de adquisición Total Checkouts Número de clasificación Código de barras Date last seen Date last borrowed Número de ejemplar Price effective from Koha tipo de elemento (item) Public note
    Dewey Decimal Classification     Biblioteca Medicina Biblioteca Medicina Circulación 16/11/2018 Donación Nov. 2018 2 616.89 84 TRA 4347 01/08/2024 29/07/2024 Ej. 1 16/11/2018 Libros Donación Nov. 2018

UNIVERSIDAD NACIONAL DEL COMAHUE
Biblioteca de la Facultad de Ciencias Médicas
Sede Toschi: Los Arrayanes y Av. Toschi, Cipolletti  - Rio Negro
Sede Los Tordos:  Yrigoyen al 2211, Cipolletti - Rio Negro 

Teléfono: 0299 - 4774707 int 25
Contacto: biblioteca@facimed.uncoma.edu.ar
© 2011 - 2026